000 00688nab a2200193 4500
001 244442
003 OSt
005 20241121103300.0
007 tu
008 200917s2020|||||||
040 _aDE-2950
_cDE-2950
245 0 0 _a40.000 Euro für Projekte - Rosengarten auf Platz eins
_bAbstimmung. Frankfurt (Oder) hatte die Wahl: die Stadt stellt erneut Geld im Rahmen des Bürgerbudgets zur Verfügung. Fünf Vorschläge können realisiert werden/
_cJörg Kotterba
264 _c2024
653 _aFrankfurt (Oder)
653 _aBürgerbudget
653 _aPlatzierungen
773 0 _g35. Jahrgang (2024) Nr. 269 vom 18.11.2024, S. 11 mit Foto
_tMärkische Oderzeitung
942 _2z
_cA
999 _c373475
_d373475